| 000 | 00628nam a2200205 i 4500 | ||
|---|---|---|---|
| 001 | 69439 | ||
| 003 | ES-MaACL | ||
| 005 | 20250928145443.0 | ||
| 007 | t| | ||
| 008 | 040706s1971 sp ||||1| spa d | ||
| 100 | 1 |
_aGarcía Candau, Julián. _9170110 |
|
| 245 | 1 | 0 |
_aManuel Santana / _cJ. García Candau. |
| 260 |
_a[Barcelona : _bDopesa Emograph, _c1971] |
||
| 300 |
_a94 p., 3 lám. : _bil. ; _c20 cm. |
||
| 490 | 1 |
_aNuestros Contemporáneos ; _v4 |
|
| 600 | 1 | 7 |
_aSantana, Manuel, _d1938- _2 _9170111 |
| 830 | 0 |
_aNuestros Contemporáneos ; _v4 _9179986 |
|
| 852 |
_aES-MaACL _jC-41531 _bR.79917 |
||
| 999 |
_c69439 _d69439 |
||